Vybrané problémy podnikania v stavebníctve súvisiace s uplatňovaním stavebného zákona v praxi

Saved in:
Bibliographic Details
Main Author: Uhliar, Miroslav, 1981-
Format: Book Chapter
Language:English
Slovak
Tags: Add Tag
No Tags, Be the first to tag this record!

MARC

LEADER 00000nla a2200000 4500
001 0195005
005 20240502073253.1
041 0 |a eng 
041 0 |a slo 
044 |a SK 
245 1 0 |a Vybrané problémy podnikania v stavebníctve súvisiace s uplatňovaním stavebného zákona v praxi  |c Miroslav Uhliar 
500 |a Abstrakt 
100 1 |a Uhliar, Miroslav, 1981-